[Event "C.to Provinciale CA"]
[Site "Sinnai ITA"]
[Date "2003.01.??"]
[Round "?"]
[White "Manca, Luca"]
[Black "Mallo', Danilo"]
[Result "1-0"]
[WhiteElo "1609"]
[BlackElo "1467"]
[PlyCount "73"]
[EventDate "2003.01.18"]

1. e4 e6 2. d4 d5 3. exd5 exd5 4. Nf3 Bd6 5. c4 dxc4 6. Bxc4 Nf6 7. Nc3 O-O 8.
O-O Bg4 9. Bg5 Be7 10. h3 Bh5 11. g4 Bg6 12. Ne5 Nc6 13. Nxc6 bxc6 14. Re1 Re8
15. Qf3 Rb8 16. Qxc6 Rb6 17. Qa4 Nd7 18. Bxe7 Rxe7 19. Rxe7 Qxe7 20. Nd5 Qe4
21. Nxb6 Nxb6 22. Qxa7 h6 23. Qb8+ Kh7 24. Qxc7 Qf3 25. Bf1 Be4 26. Qh2 Qf6 27.
Rd1 Nd5 28. Bd3 Qxd4 29. Bxe4+ Qxe4 30. Qg2 Qxg2+ 31. Kxg2 Nf4+ 32. Kh2 Kg6 33.
h4 Kf6 34. a4 Ke6 35. a5 Nd5 36. a6 Nc7 37. a7 1-0